00508nam a22001337a 4500003000400000008004100004020001800045082001600063245015000079260004200229300001800271650006700289700001800356OSt260515b |||||||| |||| 00| 0 eng d a9789811570933 a581.1bS53M aMicrobes and Signaling Biomolecules Against Plant Stress: Strategies of Plant- Microbe Relationships for Better Survivalb/edited by Anita Sharma aSwitzerland:bSpringer Nature;c2021. axviii, 294 p. aPure Sciences | Botanical Sciences | Plant Physiology | Stress aSharma, Anita